00867nam a2200277Ia 4500008004000000020001800040041000800058082001500066100002000081245008400101260004900185300001100234650001100245650001500256650001300271650001400284650000700298650001100305650001100316650001400327650000800341690003900349906001100388999001900399952017100418210210b2014 xxu||||| |||| 00| 0 eng d a9781449692049 aeng a362.1 STEP aSTEIN (Natalie) aPublic health nutritionbPrinciples and practice in community and global health aChemistrybJones & Bartlett Publishersc2014 axv,524 aPublic aPrinciples apractice anutrition ain ahealth aglobal acommunity aand aSocial Welfare Problems & Services a068896 c152983d152983 001040708ChemistryaALbALcChemistryd2021-02-17eIntact Bookhouse Pvt. Ltd, Bangalore-560050g4378.50l0o362.1 STEPp068896r2021-02-17 00:00:00w2021-02-17yBK